Mô tả tài liệu thư viện : Giáo trình Đại học Thư viện
Giáo trình đề cập đến những vấn đề lý luận và phương pháp tổ chức công tác mô tả tài liệu, giới thiệu những nguyên tắc cơ bản của mô tả tài liệu, trình bày các mẫu mô tả cụ thể đối với từng loại tài liệu phù hợp với yêu cầu...
Guardat en:
| Autor principal: | |
|---|---|
| Format: | Llibre |
| Idioma: | Undetermined |
| Publicat: |
Hà Nội
Trường Đại học Văn hóa Hà Nội
1991
|
| Matèries: | |
| Etiquetes: |
Afegir etiqueta
Sense etiquetes, Sigues el primer a etiquetar aquest registre!
|
| Thư viện lưu trữ: | Trung tâm Học liệu Trường Đại học Cần Thơ |
|---|
| LEADER | 01053nam a2200193Ia 4500 | ||
|---|---|---|---|
| 001 | CTU_52708 | ||
| 008 | 210402s9999 xx 000 0 und d | ||
| 082 | |a 025.31 | ||
| 082 | |b Ng100 | ||
| 100 | |a Nguyễn, Thị Tuyết Nga | ||
| 245 | 0 | |a Mô tả tài liệu thư viện : | |
| 245 | 0 | |b Giáo trình Đại học Thư viện | |
| 245 | 0 | |c Nguyễn Thị Tuyết Nga | |
| 260 | |a Hà Nội | ||
| 260 | |b Trường Đại học Văn hóa Hà Nội | ||
| 260 | |c 1991 | ||
| 520 | |a Giáo trình đề cập đến những vấn đề lý luận và phương pháp tổ chức công tác mô tả tài liệu, giới thiệu những nguyên tắc cơ bản của mô tả tài liệu, trình bày các mẫu mô tả cụ thể đối với từng loại tài liệu phù hợp với yêu cầu, tính chất của các thư viện Việt Nam. | ||
| 650 | |a Descriptive cataloging | ||
| 980 | |a Trung tâm Học liệu Trường Đại học Cần Thơ | ||